Health and nutritional aspects of palm oil : selected papers from the PORIM Palm Oil International Conference, Kuala Lumpur, Malaysia, 12-14 September 1991

Kaydedildi:
Detaylı Bibliyografya
Materyal Türü: Kitap
Dil:Undetermined
Baskı/Yayın Bilgisi: New York Pergamon press 1992
Konular:
Etiketler: Etiketle
Etiket eklenmemiş, İlk siz ekleyin!
Thư viện lưu trữ: Trung tâm Học liệu Trường Đại học Cần Thơ
LEADER 00671nam a2200193Ia 4500
001 CTU_122925
008 210402s9999 xx 000 0 und d
082 |a 633.85 
082 |b P836 
245 0 |a Health and nutritional aspects of palm oil : 
245 0 |b selected papers from the PORIM Palm Oil International Conference, Kuala Lumpur, Malaysia, 12-14 September 1991 
245 0 |c edited by David Kritchevsky, K.H. Loke, Ranjit Kumar Chandra 
260 |a New York 
260 |b Pergamon press 
260 |c 1992 
650 |a Health and nutritional,Plant oils 
650 |x Palm oil 
904 |i Hiếu 
980 |a Trung tâm Học liệu Trường Đại học Cần Thơ